| 000 | 00548 a2200181 4500 | ||
|---|---|---|---|
| 999 |
_c7625 _d7625 |
||
| 020 | _a9780071115506 | ||
| 050 | _aHF 5657.4 GAR 2006 | ||
| 100 |
_aGarrison, Ray H. _eauthor |
||
| 245 |
_aManagerial accounting / _cRay Garrison, Eric W. Noreen and Peter C. Brewer |
||
| 250 | _aeleventh edition | ||
| 264 |
_aBoston: _bMcGraw Hill, _c2006. |
||
| 300 | _a863p. : | ||
| 500 | _aIncludes index | ||
| 650 | _aManagerial accounting | ||
| 700 |
_aNoreen, Eric W. _eauthor |
||
| 700 |
_aBrewer, Peter C. _eauthor |
||
| 942 |
_2lcc _cBK _e11th _h5657.4 _iGAR _kHF |
||